01202 2200349 4500001002100000005001500021035002000036007000300056008004100059336002100100337002300121338003800144040002200182100003300204245012900237300003100366504003300397020002200430041001300452082001600465084001800481264004400499500006900543650001900612650001900631850001200650852002000662856007500682546005100757990002200808990002200830INLIS00000000086662620211111094655 a0010-1121000707ta211111s2011 jkia fs ind d 2rdacontentateks 2rdamediaakomputer 2rdacarrierasumber sambung jaring aYOPDYOGbinderda0 aAhmad Rifa'i Rif'anepenulis10aMenggapai malam lailatul qadar :b30 renungan dan inspirasi menggugah di bulan suci ramadhan /cpenulis, Ahmad Rifa'i Rif'an a1 berkas komputer (6,2 MB) aBibliografi: halaman 211-212 a978-602-00-0697-00 aindgara04223a297.362 a297.362 AHM m31aJakarta :bElex Media Komputindo,c2011 aUntuk mengakses buku ini silakan unduh aplikasi http://ijogja.id 4aLailatul qadar 4aPuasa ramadhan aYOPDYOG8 aAplikasi iJogja40nPerpustakaan Digital iJogjauhttp://ijogja.id/publications/books/20065 aTeks terdapat bahasa Indonesia dan bahasa Arab a001569-EPD/B.2017 a001570-EPD/B.2017